000 00551cam a2200217ua 4500
001 3355
005 20260515113651.0
008 111019n ii |||gr||||Z||||||eng
020 _a81-237-3860-9
040 _cMAIN
082 _a920
100 1 _aMoon, Vasant,
245 1 1 _aDr. Babasaheb Ambedkar
_cby Vasant Moon
250 _a1st.
260 _aNew Delhi:
_bNational book trust,
_c2002.
300 _a224p:
_c23cm.
653 _aBiography
653 _aBiography of Dr. Babasaheb Ambedkar
700 _aDamle, Asha,
_eTranslated.
942 _cBK
999 _c3198
_d3198